00456 2200193 4500001002100000005001500021035002000036008004100056245003500097100001900132250000600151260003400157300001100191084001400202082000800216650001400224990001200238990001200250INLIS00000000000010620240502103811 a0010-0424000082240502 0 ind 1 aAsam Dan Basa /cDenise Walker aWalker, Denise a1 aSolo :bTiga Serangkai,c2008 a48 hlm a500 DEN a a500 4aNon Fiksi a0732539 a0732540